| 000 | 00638nam a2200217 a 4500 | ||
|---|---|---|---|
| 001 | 1595 | ||
| 003 | CO-ViMGA | ||
| 008 | 141112s2004 ck r 000 u spa d | ||
| 020 | _a9580209200 | ||
| 040 |
_aCO-ViMGA _bspa _cCO-ViMGA |
||
| 082 | 0 | 4 | _a372.6 M471 3o. |
| 100 | 1 |
_aMiranda Saldaña, Patricia _950019 |
|
| 245 | 1 | 0 |
_aTalento 3 : _bcastellano y literatura / _cMiranda Patricia |
| 260 |
_aSantafé de Bogotá : _bVoluntad, _c1995 |
||
| 300 | _a240 p : il | ||
| 490 | _aEducación básica | ||
| 505 | _aTalento 3, Castellano y literatura | ||
| 650 | 1 | 4 | _aeducación PRIMARIA |
| 650 | 1 | 4 | _aESPAÑOL - ENSEÑANZA |
| 942 |
_2ddc _cBK |
||
| 999 |
_c13773 _d13773 |
||